02112 a2200313 4500001000500000005001700005008004100022003001500063040004000078080004900118245006400167020001800231264005200249300001900301505104900320100002801369700002201397700002701419700002101446700002301467700002101490700001901511700002401530700001701554700002101571700003101592700002201623856015301645305220260407155424.0260407a2003 arg spa dAR-UNSa-BCEJYS aAR-UNSa-BCEJYSbspacAR-UNSa-BCEJYS a35.086xResponsabilidad de los funcionarios 10aResponsabilidad del estado y de los funcionarios públicos a950-727-447-2 1aBuenos Aires :bRubinzal-Culzoni Editoresc2003 a355 p.c22 cm. a1. Introducción - 2. Visión jusprivatista de la responsabilidad del Estado - 3. La responsabilidad del BCRA y solidaria de sus directores - 4. Responsabilidad estatal por la liquidación de entidades aseguradoras - 5. La restricción de la libertad y sus límites normativos: distintas responsabilidades - 6. Responsabilidad del Estado y conciencia ciudadana. Una aproximación sociológica sobre la relación Estado y sociedad - 7. Los órganos de control del sector público nacional y la responsabilidad patrimonial de los funcionarios públicos - 8. Responsabilidad del Estado y del Banco Central de la República Argentina - 9. Juicio político. Enjuiciamiento de funcionarios públicos - 10. Medidas económicas de emergencia, responsabilidad de los funcionarios - 11. Responsabilidad del Estado y de los funcionarios respecto al medio ambiente - 12. Responsabilidad civil por incumplimiento de programas de gobierno y promesas electorales - 13. Responsabilidad del Estado por medidas económicas dictadas en emergencia1 aMosset Iturraspe, Jorge1 aStiglitz, Gabriel1 aGhersi, Carlos Alberto1 aCoriolano, Mario1 aGonzález, Andrea1 aPicone, Griselda1 aRusconi, Dante1 aHuenchiman, Valeria1 aRuiz, Karina1 aOntivero, Carlos1 aColina, Pedro Rafael de la1 aVidal, Verónica41uhttps://biblioeco.unsa.edu.ar/pmb/images/libros/Responsabilidad del estado y de los funcionarios publicos-l117804.jpgyImagen de portadaqimage/jpeg